| 000 | 01114nam a2200289Ia 4500 | ||
|---|---|---|---|
| 001 | H9551 | ||
| 003 | IT-RoPAU | ||
| 008 | 130308s9999 xx 000 0 und d | ||
| 040 | _aIT-RoPAU | ||
| 040 | _cIT-RoPAU | ||
| 041 | _aITALIANO | ||
| 100 | _aAA.VV. | ||
| 100 | _gCodice Aut. SPICS: 12000 | ||
| 245 | _aArte e civiltà del monachesimo italiano | ||
| 245 | _bArte e Civilta' del monachesimo Italiano | ||
| 250 | _a1a ed. | ||
| 260 | _a MILANO | ||
| 260 | _bBramante Editrice | ||
| 260 | _c1975 [1° Ed.:1975 - Ed.Ling.Originale:1975] | ||
| 300 | _a"96 p. (prefazione: no ; testo: 96 [pagine: 0-0])" | ||
| 500 | _aLattanzio di Subiaco e Introduzione della Stampa in Italia di G.P. Carosi.Abbazie Cistercensi dell'Italia Centrale di C. Perogalli. Crete senesi di G. Biffoli. Monte Oliveto maggiore e le Tarsie del coro di A. Boschetto. sacra di San Michele Fortilizio e Monastero di G.M. Tabarelli. mille Anni di monachesimo nell'Abbazia della chiusa di A. Prearo. | ||
| 650 | _aSAGGI SULLE ARTI VISIVE | ||
| 650 | _eCodice materia Spics: 5011 | ||
| 942 | _cBK | ||
| 957 | _71 | ||
| 999 |
_c90694 _d90694 |
||
| 999 | _g1 | ||